Every Walt Disney's Magic Kingdom Ride of All Time - Statistics

General Stats
  • This quiz has been taken 24 times
  • The average score is 26 of 40
Answer Stats
Open-Close Type Answer % Correct
1979-Now Coaster Big Thunder Mountain
95%
1971-Now Suspended Dark Ride Peter Pan's Flight
95%
1973-Now Boat Ride Pirates of the Caribbean
95%
1975-Now Coaster Space Mountain
95%
1975-Now Dark Ride Tomorrowland Transit Authority People Mover
95%
1971-Now Spinner Dumbo the Flying Elephant
90%
1971-Now Dark Ride Haunted Mansion
90%
1971-Now Ride/ Transportation Disney World Railroad
86%
1971-Now Boat Ride Jungle Cruise
86%
2014-Now Coaster Seven Dwarfs Mine Train
86%
2001-Now Spinner The Magic Carpets of Aladdin
86%
1999-Now Dark Ride The Many Adventures of Winnie the Pooh
86%
1971-Now Go cart ride Tomorrowland Speedway
86%
2023-Now Coaster Tron Lightcycle Power Run
86%
1971-Now Boat Ride It's a Small World
81%
1971-Now Carousel Prince Charming's Regal Carousel
81%
2012-Now Coaster The Barnstormer
81%
1974-Now Spinner Ride Astro Orbiter
76%
1998-Now Dark Ride Buzz Lightyear's Space Ranger Spin
76%
1971-1998 Dark Ride Mr. Toad's Wild Ride
76%
2012-Now Dark Ride The Little Mermaid - Ariel's Undersea Adventure
76%
1971-1994 Submarine 20,000 Leagues Under the Sea: Submarine Voyage
71%
2003-Now Show Mickey's PhilharMagic
71%
1992-2023 Show Country Bear Jamboree
67%
1971-Now Spinner Mad Tea Party
67%
1971-Now Show The Hall of Presidents
67%
1975-Now Show Walt Disney's Carousel of Progress
67%
2007-Now Show Monsters Inc Laugh Floor
57%
1971-1997,2011-Now Show Walt Disney's Enchanted Tiki Room
57%
1971-Now Walkthrough Swiss Family Tree House
52%
1995-2003 Show ExtraTERRORestrial Alien Encounter
43%
1989-1998 Dark Ride Delta Dream Flight
33%
1972-1998 Dark Ride If You Had Wings
24%
1994-2002 Show Legend of the Lion King
19%
1996-2006 Show The Time Keeper
19%
1975-1992 Show Mission to Mars
14%
1998-2011 Show The Enchanted Tiki Room (Under New Management)
14%
1971-1980 Show Mickey Mouse Revue
10%
2004-2018 Show Stiches Great Escape
10%
1987-1993 Show Magic Journeys
5%
No matching quizzes found
Score Distribution
Percent of People with Each Score
Percentile by Number Answered
Your Score History
You have not taken this quiz